Elephants / (Record no. 1971)

MARC details
000 -LEADER
fixed length control field 01108cam a2200337 a 4500
001 - CONTROL NUMBER
control field 1971
003 - CONTROL NUMBER IDENTIFIER
control field FISKH
005 - DATE AND TIME OF LATEST TRANSACTION
control field 20231110152211.0
008 - FIXED-LENGTH DATA ELEMENTS--GENERAL INFORMATION
fixed length control field 091117s2011 mnua j b 001 0 eng
010 ## - LIBRARY OF CONGRESS CONTROL NUMBER
LC control number 2009047733
020 ## - INTERNATIONAL STANDARD BOOK NUMBER
International Standard Book Number 0545484162
020 ## - INTERNATIONAL STANDARD BOOK NUMBER
International Standard Book Number 9780545484169
035 ## - SYSTEM CONTROL NUMBER
System control number (OCoLC)ocn467360136
037 ## - SOURCE OF ACQUISITION
Stock number 1323133
Source of stock number/acquisition QBI
040 ## - CATALOGING SOURCE
Original cataloging agency DLC
Transcribing agency DLC
Modifying agency QBX
-- DLC
Language of cataloging eng
050 00 - LIBRARY OF CONGRESS CALL NUMBER
Classification number QL737.P98
Item number R536 2011
082 00 - DEWEY DECIMAL CLASSIFICATION NUMBER
Classification number 599.67
Edition number 22
100 1# - MAIN ENTRY--PERSONAL NAME
Personal name Riggs, Kate
245 10 - TITLE STATEMENT
Title Elephants /
Statement of responsibility, etc. by Kate Riggs.
260 ## - PUBLICATION, DISTRIBUTION, ETC.
Place of publication, distribution, etc. New York :
Name of publisher, distributor, etc. Scholastic,
Date of publication, distribution, etc. 2011.
300 ## - PHYSICAL DESCRIPTION
Extent 24 pages :
Other physical details color illustrations ;
Dimensions 28 cm
490 1# - SERIES STATEMENT
Series statement Amazing animals
504 ## - BIBLIOGRAPHY, ETC. NOTE
Bibliography, etc. note
505 ## - FORMATTED CONTENTS NOTE
Formatted contents note M<br/>
520 ## - SUMMARY, ETC.
Summary, etc. "A basic exploration of the appearance, behavior, and habitat of elephants, Earth's biggest land animals. Also included is a story from folklore explaining why elephants' trunks are so long"--Provided by publisher.
521 8# - TARGET AUDIENCE NOTE
Target audience note 560<br/>
Source Lexile estimate <br/>
521 8# - TARGET AUDIENCE NOTE
Target audience note M<br/>
Source Raz-Plus<br/>
650 #0 - SUBJECT ADDED ENTRY--TOPICAL TERM
Topical term or geographic name entry element Elephants
Form subdivision Juvenile literature.
906 ## - LOCAL DATA ELEMENT F, LDF (RLIN)
a 7
b cbc
c orignew
d 1
e ecip
f 20
g y-gencatlg
942 ## - ADDED ENTRY ELEMENTS (KOHA)
Source of classification or shelving scheme Dewey Decimal Classification
Koha item type Books
Suppress in OPAC No
Holdings
Withdrawn status Lost status Source of classification or shelving scheme Damaged status Not for loan Collection Home library Current library Shelving location Date acquired Total Checkouts Full call number Barcode Date last seen Date last checked out Copy number Price effective from Koha item type
    Dewey Decimal Classification     Non-Fiction Footprints International School Library Network Toul Kork Campus Footprints International School Library Network Toul Kork Campus TK Primary Library Room(4th Floor), Bookcase 3&4, Shelves 17-32, Yellow Books 10/23/2023 7 RIG 599.67 QL737.P98 FISBK06050 04/30/2026 04/23/2026 1 10/23/2023 Books
    Dewey Decimal Classification Damaged   Non-Fiction Footprints International School Library Network Toul Kork Campus Footprints International School Library Network Toul Kork Campus TK Primary Library Room(4th Floor), Bookcase 3&4, Shelves 17-32, Yellow Books 11/08/2023   RIG 599.67 QL737.P98 FISTK01965 11/08/2023   2 11/08/2023 Books